[Event "Remote email"]
[Site "Remote email"]
[Date "2013.04.11"]
[Round "?"]
[White "Gartler, Andreas"]
[Black "Muster, Wolfgang"]
[Result "0-1"]
[WhiteElo "1534"]
[BlackElo "2334"]
[PlyCount "70"]
[EventDate "2013.??.??"]
[EventType "tourn (corr)"]
[EventRounds "6"]
[EventCountry "GER"]
[SourceTitle "Corr 2015"]
[Source "ChessBase"]
[SourceDate "2015.07.17"]
[SourceVersion "1"]
[SourceVersionDate "2015.07.17"]
[SourceQuality "1"]

1. Nf3 d6 2. e4 Nf6 3. d3 c5 4. g3 Nc6 5. Bg2 g6 6. 0-0 Bg7 7. c3 0-0 8. Nbd2 Rb8 9. d4 cxd4 10. cxd4 Bd7 11. b3 Rc8 12. Qe1 Ng4 13. d5 Bxa1 14. h3 Nce5 15. hxg4 Nd3 16. Qd1 Nxc1 17. Nc4 Bg7 18. Qxc1 b5 19. Qd1 bxc4 20. bxc4 Rxc4 21. Nd2 Ba4 22. Qe2 Rc2 23. Bf3 Qa5 24. Rd1 Rxa2 25. Kg2 Bxd1 26. Qxd1 Rxd2 27. Qe1 Bd4 28. g5 Qa2 29. Kh3 Bxf2 30. Qc1 Bc5 31. Qc3 Bd4 32. Qc7 Be5 33. Qxe7 Rh2+ 34. Kg4 Qf2 35. Qc7 Qxg3# 0-1

[Event "Remote email"]
[Site "Remote email"]
[Date "2013.04.09"]
[Round "?"]
[White "Gartler, Andreas"]
[Black "Trachsel, Ueli"]
[Result "0-1"]
[WhiteElo "1534"]
[BlackElo "1488"]
[PlyCount "52"]
[EventDate "2013.??.??"]
[EventType "tourn (corr)"]
[EventRounds "6"]
[EventCountry "GER"]
[SourceTitle "Corr 2015"]
[Source "ChessBase"]
[SourceDate "2015.07.17"]
[SourceVersion "1"]
[SourceVersionDate "2015.07.17"]
[SourceQuality "1"]

1. e4 Nf6 2. d4 d6 3. Nf3 Nxe4 4. Bb5+ Bd7 5. Bd3 Nf6 6. Nc3 c5 7. dxc5 dxc5 8. Ne5 Be6 9. Bb5+ Bd7 10. Bg5 a6 11. Bc4 Nc6 12. Bf4 e6 13. Qd6 Bxd6 14. a4 Nb4 15. Rc1 b5 16. axb5 Nh5 17. g3 Nxf4 18. gxf4 Qh4 19. Be2 Qxf4 20. f3 Qxc1+ 21. Kf2 Qxh1 22. b6 Bxe5 23. Ke3 Qxh2 24. Ne4 Nxc2+ 25. Kd3 Ne1+ 26. Ke3 Bf4# 0-1

[Event "Remote email"]
[Site "Remote email"]
[Date "2013.03.25"]
[Round "?"]
[White "Gartler, Andreas"]
[Black "Widmer, Bruno"]
[Result "0-1"]
[WhiteElo "1534"]
[BlackElo "1916"]
[PlyCount "48"]
[EventDate "2013.??.??"]
[EventType "tourn (corr)"]
[EventRounds "6"]
[EventCountry "GER"]
[SourceTitle "Corr 2015"]
[Source "ChessBase"]
[SourceDate "2015.07.17"]
[SourceVersion "1"]
[SourceVersionDate "2015.07.17"]
[SourceQuality "1"]

1. a4 a5 2. Nc3 Ra6 3. Nf3 e6 4. d3 Bb4 5. Qd2 Qf6 6. g4 Bxc3 7. bxc3 Rc6 8. e3 Qxf3 9. Be2 Qxh1+ 10. Bf1 Qxh2 11. c4 b6 12. e4 d5 13. exd5 Qe5+ 14. Kd1 exd5 15. Ba3 Qxa1+ 16. Bc1 Qxa4 17. Qe2+ Ne7 18. cxd5 Bxg4 19. f3 Bxf3 20. Qxf3 Rxc2 21. Ke1 Qa1 22. Qd1 Qe5+ 23. Be2 Ra2 24. Qb3 Qxe2# 0-1

[Event "Remote email"]
[Site "Remote email"]
[Date "2013.03.22"]
[Round "?"]
[White "Gartler, Andreas"]
[Black "Bezukhov, Pierre"]
[Result "0-1"]
[WhiteElo "1534"]
[BlackElo "1778"]
[PlyCount "78"]
[EventDate "2013.??.??"]
[EventType "tourn (corr)"]
[EventRounds "6"]
[EventCountry "GER"]
[SourceTitle "Corr 2015"]
[Source "ChessBase"]
[SourceDate "2015.07.17"]
[SourceVersion "1"]
[SourceVersionDate "2015.07.17"]
[SourceQuality "1"]

1. e4 e5 2. Nf3 d6 3. Nc3 Nc6 4. b3 Nf6 5. Ba3 Ng4 6. h3 Nxf2 7. Kxf2 Nd4 8. Qe1 Nxc2 9. Qc1 Nxa1 10. Qxa1 Qd7 11. Bb5 c6 12. Bc4 Rb8 13. Qe1 b5 14. Bd3 a6 15. Kf1 a5 16. b4 a4 17. Qg3 Qe7 18. Qg5 f6 19. Qh5+ g6 20. Qh4 Be6 21. g3 d5 22. exd5 cxd5 23. Nxb5 g5 24. Qh5+ Bf7 25. Qxf7+ Qxf7 26. Bf5 Rxb5 27. h4 h6 28. Bb2 Rxb4 29. Ba3 Rb7 30. Bc8 Bxa3 31. Bxb7 Qxb7 32. hxg5 fxg5 33. d3 Bb2 34. d4 exd4 35. Rh2 Bc3 36. Kf2 Qb2+ 37. Nd2 Qxd2+ 38. Kf3 Qxh2 39. g4 Rf8# 0-1